Inteligencia de negocios aplicada a la gestión de proyectos
Salvato in:
| Autore principale: | |
|---|---|
| Altri autori: | |
| Natura: | Libro |
| Lingua: | Spanish |
| Pubblicazione: |
San José, [Costa Rica]
2018
|
| Soggetti: | |
| Tags: |
Aggiungi Tag
Nessun Tag, puoi essere il primo ad aggiungerne!!
|
MARC
| LEADER | 00000nam a22000007a 4500 | ||
|---|---|---|---|
| 003 | 012953 | ||
| 005 | 20230531115218.0 | ||
| 008 | 181105b2018 c a|||| ||m| 00| ||spa d | ||
| 040 | |c cru CEDI | ||
| 100 | |9 633 |a Castro Gutiérrez, Rolando, 1989- | ||
| 245 | |a Inteligencia de negocios aplicada a la gestión de proyectos | ||
| 260 | |a San José, [Costa Rica] |c 2018 | ||
| 300 | |a xi, 87 hojas :ilustraciones | ||
| 500 | |a Proyecto de graduación (licenciatura en ingeniería civil)--Universidad de Costa Rica. Facultad de Ingeniería. Escuela de Ingeniería Civil | ||
| 501 | |a Director de Proyecto de Graduación: Robert Anthony Anglin Fonseca | ||
| 650 | |x ADMINISTRACION DE PROYECTOS |x PLANIFICACION ESTRATEGICA |x PROYECTOS DE CONSTRUCCION - PLANIFICACION - PROGRAMAS PARA COMPUTADORA |x COMPETENCIA ECONOMICA |x INDUSTRIA DE LA CONSTRUCCION- TOMA DE DECISIONES |9 14550 | ||
| 700 | |9 186 |a Anglin Fonseca, Robert Anthony, 1967- |d Director del TFG | ||
| 942 | |c CEDI |h TFG 8104 |6 TFG_8104_000000000000000 | ||
| 999 | |c 21111 |d 21111 | ||
